Normal view
MARC view
Entry Corporate Name
001 - CONTROL NUMBER
- control field: 167166
003 - CONTROL NUMBER IDENTIFIER
- control field: OSt
005 - DATE AND TIME OF LATEST TRANSACTION
- control field: 20220923222646.0
008 - FIXED-LENGTH DATA ELEMENTS
- fixed length control field: 220923|| aca||aabn | a|a d
040 ## - CATALOGING SOURCE
- Original cataloging agency: OSt
- Transcribing agency: OSt
110 ## - HEADING--CORPORATE NAME
- Corporate name or jurisdiction name as entry element: व्यथित हृदय
670 ## - SOURCE DATA FOUND
- Source citation: Work cat.: (OSt)357481: हृदय, व्यथित 156291, धरती जिनसे स्वर्ग बनी, 1977
